01436agaaa2200301 45000010005000000030009000050050017000140070009000310080040000400400023000800410013001031000058001161300043001742450139002172500022003562600085003783000033004635080052004965200072005485380016006205460013006366500082006497000070007317000062008019420012008639990019008759520240008949650IT-RoPAU20220918181246.0d cvaizq50131s9999||||xx ||| | || ||und|| aIT-RoPAUcIT-RoPAU aITALIANO aCordero Abe RoxasgCodice regista SPICS: 39853947273 aVERSO LA PIENEZZA DELLA CARITA'947274 aVERSO LA PIENEZZA DELLA CARITA'cDiretto da: Cordero Abe RoxaspVERSO LA PIENEZZA DELLA CARITA' (Rif. Codice opera principale : B9650) aEdizione Standard a(ITALIA)bSORELLE CANOSSIANE / g"1990 (1° ed.: 1990 ; Ed. Lingua Orig.: 1990)" aVHSbsonoro, col.c30 minuti a"Montaggio: Dy Michael; Musica: Rivera Robin; " aDOCUMENTARIO VOCAZIONALE. SUORE SORELLE CANOSSIANE NELLE FILIPPINE. aPAL, STEREO aITALIANO aDOCUMENTARIOeTV-PROGRAMMI RELIGIOSI [VHS]xCodice MATERIA SPICS: 9963936814 aCordero Abe Roxas e(regista)gCodice regista SPICS: 39853947275 aRivera Robine(musica)gCodice Musica SPICS: 39852947276 cVH2ddc c106511d106511 0010406B_9650_00000000000000071aSPICSbSPICSd2015-01-31l0oB9650r2015-01-31 00:00:00w2015-01-31yVHzProgr. Ins.: 288 / N.Vol.:1 / Copie: 1 / Pag.:0 / Copia rara: n.d. / date import: 1.2.2015 / By Epidotti, Trombetti, Vaglietti